| 000 | 00773nam a2200229 a 4500 | ||
|---|---|---|---|
| 001 | 013657849 | ||
| 005 | 20131020144943.0 | ||
| 008 | 060713s2007 njuab b 001 0 eng | ||
| 020 | _a9780131145603 : | ||
| 020 | _a0131145606 : | ||
| 082 | 0 | 0 |
_a624.15136 _222 _bMCC |
| 100 | 1 |
_aMcCarthy, David F. _934116 |
|
| 245 | 1 | 0 |
_aEssentials of soil mechanics and foundations : _bbasic geotechnics / _cDavid F. McCarthy. |
| 250 | _a7th ed. | ||
| 260 |
_aUpper Saddle River, N.J. : _bPearson/Prentice Hall, _cc2007. |
||
| 300 |
_axiii, 850 p. : _bill., map ; _c25 cm. |
||
| 504 | _aIncludes bibliographical references (p. 813-830) and index. | ||
| 650 | 0 |
_aSoil mechanics. _934117 |
|
| 650 | 0 |
_aFoundations. _934118 |
|
| 653 |
_bpet _cOctober2013 |
||
| 942 |
_2ddc _cBB _k624.15136 MCC |
||
| 999 |
_c17654 _d17626 |
||